| 000 | 00466nam a22001697a 4500 | ||
|---|---|---|---|
| 005 | 20160429113923.0 | ||
| 008 | 160429b xxu||||| |||| 00| 0 eng d | ||
| 020 | _a81-7808108-3 | ||
| 041 | _aeng | ||
| 082 | _b00789 | ||
| 100 |
_aFreeman, James A. _9228 |
||
| 245 | _aNeural Networks : Algorithms, Applications, and Programming Techniques | ||
| 260 |
_aNew Delhi _bPearson Education, _c2004 |
||
| 300 | _a401 | ||
| 650 |
_aInformation Technology _9137 |
||
| 942 | _cBK | ||
| 999 |
_c259 _d259 |
||